ბათუმის შოთა რუსთაველის სახელმწიფო უნივერსიტეტის ბიბლიოთეკა

Modern Blood Banking Of Transfusion Practices / (ბიბ.ჩანაწერი № 45373)

000 -LEADER
fixed length control field 00787nam a2200241Ia 4500
001 - CONTROL NUMBER
control field 12197
003 - CONTROL NUMBER IDENTIFIER
control field GE_BSU
005 - DATE AND TIME OF LATEST TRANSACTION
control field 20221118111739.0
008 - FIXED-LENGTH DATA ELEMENTS--GENERAL INFORMATION
fixed length control field 181216s2013en xx |||||||||||||| ||eng||
020 ## - INTERNATIONAL STANDARD BOOK NUMBER
International Standard Book Number 9780803626829 x
040 ## - CATALOGING SOURCE
Transcribing agency GE_BSU
041 ## - LANGUAGE CODE
Language code of text/sound track or separate title eng
080 ## - UNIVERSAL DECIMAL CLASSIFICATION NUMBER
Universal Decimal Classification number 616.15 H-29
100 ## - MAIN ENTRY--PERSONAL NAME
Personal name Harmening,Denise m.
9 (RLIN) 15913
245 ## - TITLE STATEMENT
Title Modern Blood Banking Of Transfusion Practices /
Statement of responsibility, etc. Denise m, Harmening
250 ## - EDITION STATEMENT
Edition statement Sixth Edition.
264 ## - PRODUCTION, PUBLICATION, DISTRIBUTION, MANUFACTURE, AND COPYRIGHT NOTICE
Place of production, publication, distribution, manufacture Philadelphia :
Name of producer, publisher, distributor, manufacturer F.A.Davis Company,
Date of production, publication, distribution, manufacture, or copyright notice 2012.
300 ## - PHYSICAL DESCRIPTION
Extent 648 p.:
Other physical details ill;
Dimensions 28cm.
653 ## - INDEX TERM--UNCONTROLLED
keyword Modern Blood Banking Of Transfusion Practices.
653 ## - INDEX TERM--UNCONTROLLED
keyword სისხლის გადასხმის თანამედროვე პრაქტიკა.
653 ## - INDEX TERM--UNCONTROLLED
keyword მედიცინა
942 ## - ADDED ENTRY ELEMENTS (KOHA)
Koha item type წიგნი
Source of classification or shelving scheme
ეგზემპლარები
Withdrawn status Lost status Source of classification or shelving scheme Damaged status Not for loan Permanent Location Current Location Shelving location Date acquired Cost, normal purchase price Full call number Barcode Date last seen Copy number Price effective from Koha item type Public note
          ბათუმის შოთა რუსთაველის სახელმწიფო უნივერსიტეტის მთავარი ბიბლიოთეკა ბათუმის შოთა რუსთაველის სახელმწიფო უნივერსიტეტის მთავარი ბიბლიოთეკა წიგნსაცავი 2018-12-17 174.00 616.15 H-29 35991 2018-12-17 35991 2018-12-17 წიგნი 174ლ.